[Event "AUTO-OPEN-3861"]
[Site "http://www.queenalice.com/game.php?id=1499749"]
[Date "2017.10.21"]
[Round "1"]
[White "DDK"]
[Black "szachowymag"]
[Result "1-0"]
[WhiteElo "1877"]
[BlackElo "2149"]

1. e4 e6 2. Nf3 d5 3. exd5 exd5 4. d4 Bg4 5. Be2 Bd6 6. h3 Bh5 7. Na3 c6 8. O-O
Qc7 9. g3 Bxg3 10. fxg3 Qxg3+ 11. Kh1 Qxh3+ 12. Nh2 Bg6 13. Qe1 Ne7 14. Bg4 Be4+
15. Bf3 Qe6 16. Bxe4 Qxe4+ 17. Qxe4 dxe4 18. Nc4 O-O 19. Nd6 f5 20. Nxb7 Na6 21.
Nd6 h6 22. Bd2 Rad8 23. Nc4 Rxd4 24. b3 g5 25. Bc3 Rdd8 26. Ne3 Nd5 27. Nxd5
cxd5 28. Bd4 Rd7 29. Rf2 Nb4 30. Bc5 Rb8 31. Rxf5 Nxc2 32. Rc1 Nb4 33. Bxb4 Rxb4
34. Ng4 Kg7 35. Rc6 d4 36. Rxh6 d3 37. Rxg5+ Kf8 38. Rh8+ Ke7 39. Ne3 Kf6 40.
Rf5+ Kg7 41. Rh2 d2 42. Rg2+ 1-0

[Event "AUTO-OPEN-3861"]
[Site "http://www.queenalice.com/game.php?id=1499750"]
[Date "2017.10.21"]
[Round "1"]
[White "szachowymag"]
[Black "DDK"]
[Result "1-0"]
[WhiteElo "2117"]
[BlackElo "1861"]

1. e4 e5 2. Nf3 Nc6 3. d4 exd4 4. Bc4 Nh6 5. c3 dxc3 6. Nxc3 Bc5 7. Bxh6 gxh6 8.
Bxf7+ Kxf7 9. Qd5+ Kg7 10. Qxc5 d6 11. Qe3 d5 12. Nxd5 Be6 13. Qc3+ Kf7 14.
O-O-O Bxd5 15. exd5 Ne7 16. Ne5+ Ke8 17. Nc6 Nxc6 18. Qxh8+ Kf7 19. Qxh7+ Kf6
20. dxc6 Qe7 21. Qxh6+ Kf7 22. Rd7 Qxd7 23. cxd7 1-0

[Event "AUTO-ADV-3921"]
[Site "http://www.queenalice.com/game.php?id=1499916"]
[Date "2017.10.22"]
[Round "1"]
[White "DDK"]
[Black "TITAN10"]
[Result "0-1"]
[WhiteElo "1818"]
[BlackElo "2204"]

1. e4 c5 2. Nf3 d6 3. Bc4 Nc6 4. Ng5 e6 5. d3 Nf6 6. O-O Be7 7. Bf4 h6 8. Nf3 a6
9. Nc3 b5 10. Bb3 Na5 11. a4 Nxb3 12. cxb3 b4 13. Ne2 Nh5 14. Be3 O-O 15. d4 Bb7
16. dxc5 dxc5 17. e5 g5 18. Qc2 Bxf3 19. gxf3 Qc7 20. Qe4 Rad8 21. Ng3 Nf4 22.
Rac1 Nd3 23. Rc2 Qxe5 24. Qxe5 Nxe5 25. Bxc5 Bxc5 26. Rxc5 Nxf3+ 27. Kg2 Rd3 28.
Ra5 Ra8 29. Ne4 Nh4+ 30. Kh1 Rxb3 31. Rb1 Rd8 32. Nc5 Rxb2 33. Ra1 Rxf2 34. Rxa6
Nf3 0-1

[Event "AUTO-ADV-3921"]
[Site "http://www.queenalice.com/game.php?id=1499917"]
[Date "2017.10.22"]
[Round "1"]
[White "TITAN10"]
[Black "DDK"]
[Result "0-1"]
[WhiteElo "2062"]
[BlackElo "1822"]

1. e4 e5 2. Nf3 d6 3. d4 Nc6 4. dxe5 Nxe5 5. Nxe5 dxe5 6. Qxd8+ Kxd8 7. Bc4 f6
8. O-O Bd7 9. Be3 b5 10. Be2 c6 11. Rd1 Ke8 12. c3 Be7 13. b4 Nh6 14. Na3 Rd8
15. Nc2 Kf7 16. a4 a6 17. axb5 axb5 18. Ra7 Be6 19. h3 Bb3 20. Rc1 Rhe8 21. Bxh6
Kg6 22. Be3 h6 23. Bg4 Rd3 24. Ne1 Rdd8 25. Bd7 Rf8 26. Bxc6 Bd6 27. Bxb5 Bb8
28. Ra6 Rc8 29. c4 Rfd8 30. Ra3 Bxc4 31. Rxc4 Rxc4 32. Bxc4 Bd6 33. Bc5 Bxc5 34.
bxc5 Rc8 35. Ra5 Rd8 36. Bd5 Rb8 37. c6 f5 0-1

[Event "AUTO-ADV-3921"]
[Site "http://www.queenalice.com/game.php?id=1499918"]
[Date "2017.10.22"]
[Round "1"]
[White "DDK"]
[Black "altair"]
[Result "1-0"]
[WhiteElo "1871"]
[BlackElo "1613"]

1. e4 e5 2. Nf3 d6 3. Bc4 h6 4. O-O a6 5. d4 Nd7 6. dxe5 dxe5 7. Qd5 Qe7 8. b3
c6 9. Qd3 Ngf6 10. Bb2 b5 11. Bxf7+ Kxf7 12. Nbd2 Qe6 13. Nh4 Nc5 14. Qg3 Bd6
15. Nf5 g5 16. Nxd6+ Qxd6 17. Rad1 Re8 18. Nf3 Qc7 19. Bxe5 Qe7 20. Bd6 Qxe4 21.
Bxc5 Qxc2 22. Qc7+ Kg8 23. Qxc6 Be6 24. Rd2 Qf5 25. Nd4 Qg4 26. Nxe6 Qxe6 27.
Qxe6+ Rxe6 28. Rfd1 Ne4 29. Rd8+ Rxd8 30. Rxd8+ Kg7 31. Bf8+ Kf7 32. Bb4 Nc5 33.
h3 Ne4 34. f3 Ng3 35. Bd6 Nf5 36. Bc5 h5 37. Rf8+ Kg6 38. Kf2 Nh6 39. Be3 g4 40.
fxg4 hxg4 41. h4 Rf6+ 42. Rxf6+ Kxf6 43. Bxh6 Kg6 44. Kg3 Kxh6 45. Kxg4 1-0

[Event "AUTO-ADV-3921"]
[Site "http://www.queenalice.com/game.php?id=1499919"]
[Date "2017.10.22"]
[Round "1"]
[White "altair"]
[Black "DDK"]
[Result "0-1"]
[WhiteElo "1632"]
[BlackElo "1839"]

1. e4 e5 2. Nf3 d6 3. h3 Nf6 4. d3 Be7 5. Be2 O-O 6. O-O Nh5 7. b3 Nc6 8. Bb2
Nf4 9. d4 exd4 10. Nxd4 Nxe2+ 11. Qxe2 Nxd4 12. Bxd4 c5 13. Bc3 Bf6 14. f4 Bd7
15. e5 dxe5 16. fxe5 Bg5 17. Nd2 a6 18. Ne4 Bb5 19. Qg4 Bxf1 20. Nxg5 Bb5 21. e6
fxe6 22. Nxe6 Qd7 23. Nxf8 Qxg4 24. hxg4 Rxf8 25. Re1 Rf4 26. a4 Bc6 27. Re5
Rxg4 28. Re2 Rg3 29. Rf2 Rxc3 30. Kh2 Be4 31. Rf4 Bxc2 32. b4 c4 33. a5 Bd3 34.
Rd4 h6 35. Rd7 Be4 36. Rc7 Bc6 37. Rc8+ Kh7 38. g3 Rb3 0-1

[Event "AUTO-ADV-3921"]
[Site "http://www.queenalice.com/game.php?id=1499920"]
[Date "2017.10.22"]
[Round "1"]
[White "DDK"]
[Black "Adrianovlg"]
[Result "0-1"]
[WhiteElo "1813"]
[BlackElo "2205"]

1. e4 c5 2. Bc4 d6 3. Nf3 Nf6 4. d3 g6 5. O-O Bg7 6. Nc3 O-O 7. Ng5 h6 8. Nf3 a6
9. Be3 b5 10. Bd5 Nxd5 11. Nxd5 e6 12. Nc3 b4 13. Na4 Qa5 14. c3 bxc3 15. Nxc3
Qb4 16. Rb1 Nc6 17. a3 Qb8 18. Qd2 Bb7 19. h3 Nd4 20. Qd1 Qc7 21. Nh2 d5 22. b4
cxb4 23. Rxb4 Nc6 24. Rb3 d4 25. Bxh6 Bxh6 26. Na4 Na5 27. Rb2 Rac8 28. Ng4 Bg7
29. Qd2 Nc6 30. Nc5 Rb8 31. Rfb1 Bc8 32. Rxb8 Nxb8 33. Nb3 e5 34. Rc1 Qb6 35.
Nc5 Bxg4 36. hxg4 Rc8 37. Na4 Rxc1+ 38. Qxc1 Qb5 39. Nb2 Kh7 40. Qc4 Qxb2 41.
Qxf7 Qc1+ 42. Kh2 Qf4+ 43. Qxf4 exf4 44. Kh3 g5 45. g3 Be5 46. gxf4 Bxf4 47. f3
Nc6 48. a4 Nb4 49. a5 Nxd3 50. Kg2 Ne5 51. Kf2 d3 52. Ke1 Nxf3+ 53. Kf2 d2 54.
Ke2 Ne5 55. Kd1 Nc4 56. Kc2 Na3+ 57. Kd1 Nc4 58. Ke2 Nb2 59. e5 d1=Q+ 60. Kf2
Nd3+ 61. Kg2 Qe2+ 62. Kg1 Qf2+ 0-1

[Event "AUTO-ADV-3921"]
[Site "http://www.queenalice.com/game.php?id=1499921"]
[Date "2017.10.22"]
[Round "1"]
[White "Adrianovlg"]
[Black "DDK"]
[Result "1-0"]
[WhiteElo "1985"]
[BlackElo "1877"]

1. e4 e5 2. Nc3 Bc5 3. f4 exf4 4. Nf3 c6 5. d4 Be7 6. Bxf4 Nf6 7. Bxb8 Rxb8 8.
e5 Nh5 9. Bd3 Nf4 10. O-O Nxd3 11. Qxd3 d5 12. a3 c5 13. dxc5 d4 14. Nb5 Bxc5
15. b4 Bb6 16. Nd6+ Ke7 17. Nxd4 Bxd4+ 18. Qxd4 Qb6 19. Qxb6 axb6 20. Rxf7+ Ke6
21. Rxg7 h5 22. Re1 h4 23. c4 Rh5 24. Rg6+ Ke7 25. Nxc8+ Rxc8 26. Rxb6 Rxc4 27.
Rxb7+ Ke6 28. Rb6+ Kd5 29. a4 Rg5 30. e6 h3 31. Rb5+ 1-0

[Event "OS INCLIVES"]
[Site "http://www.queenalice.com/game.php?id=1503366"]
[Date "2017.11.13"]
[Round "-"]
[White "adelio"]
[Black "DDK"]
[Result "0-1"]
[WhiteElo "1610"]
[BlackElo "1865"]

1. d4 d5 2. e4 e6 3. e5 Nc6 4. Nf3 Be7 5. g3 Na5 6. b3 c5 7. h4 cxd4 8. Nxd4 Qc7
9. Bf4 Bc5 10. Nb5 Qc6 11. Nd6+ Ke7 12. Nxc8+ Rxc8 13. Qf3 Bb4+ 14. Bd2 Bxd2+
15. Nxd2 Qxc2 16. Bd3 Qc3 17. Qe3 Qxa1+ 18. Nb1 Qxa2 19. Qg5+ Kf8 20. O-O Qxb3
21. Qd2 Nc4 22. Qd1 Qxd1 23. Rxd1 Nxe5 24. Be2 Nf6 25. h5 Rc2 26. Nd2 Ne4 27.
Nxe4 Rxe2 28. Ng5 g6 29. Kf1 Ra2 30. f4 Ng4 31. Re1 gxh5 32. Nxe6+ fxe6 33. Rxe6
Kf7 34. Rd6 Rc8 35. Rd7+ Ke6 36. Rxh7 Rc1# 0-1

[Event "AUTO-OPEN-3902"]
[Site "http://www.queenalice.com/game.php?id=1515495"]
[Date "2018.2.10"]
[Round "1"]
[White "DDK"]
[Black "Francesco"]
[Result "0-1"]
[WhiteElo "1770"]
[BlackElo "1703"]

1. e4 e5 2. Nf3 Nc6 3. d3 Nf6 4. Be2 d5 5. exd5 Nxd5 6. O-O Bd6 7. c4 Nf6 8. Be3
O-O 9. Nc3 h6 10. a3 a5 11. c5 Be7 12. d4 exd4 13. Bxd4 Nxd4 14. Nxd4 Bxc5 15.
Nf3 Qxd1 16. Raxd1 Re8 17. Bd3 Bg4 18. Rc1 Bxf3 0-1

[Event "AUTO-OPEN-3902"]
[Site "http://www.queenalice.com/game.php?id=1515496"]
[Date "2018.2.10"]
[Round "1"]
[White "Francesco"]
[Black "DDK"]
[Result "1-0"]
[WhiteElo "1722"]
[BlackElo "1751"]

1. e4 e5 2. Nf3 d6 3. d4 Nf6 4. dxe5 Nxe4 5. Qd5 Nc5 6. Bg5 Be7 7. Bxe7 Qxe7 8.
Be2 dxe5 9. Qxe5 Qxe5 10. Nxe5 O-O 11. O-O Re8 12. Nxf7 Rxe2 13. Ng5 Bf5 14. Rc1
Bxc2 15. Nc3 Rd2 16. Re1 Nbd7 17. Re2 Rxe2 18. Nxe2 Re8 19. Nd4 1-0

[Event "AUTO-OPEN-3902"]
[Site "http://www.queenalice.com/game.php?id=1515497"]
[Date "2018.2.10"]
[Round "1"]
[White "DDK"]
[Black "ratorei"]
[Result "0-1"]
[WhiteElo "1772"]
[BlackElo "2208"]

1. e4 c5 2. d3 Nf6 3. e5 Nd5 4. d4 d6 5. dxc5 Qa5+ 6. Bd2 Qxc5 7. Nf3 dxe5 8.
Nxe5 Nb4 9. Bc3 Bf5 10. Bd3 Nxd3+ 11. Nxd3 Qb5 12. O-O Nd7 13. Na3 Qc6 14. Nb4
Qc8 15. Qd5 e6 16. Qd4 Nf6 17. Nb5 a5 18. Nd3 Qc6 19. Na3 Rd8 20. Qf4 Bxa3 21.
Bxf6 gxf6 22. bxa3 Qxc2 23. Ne1 Qb2 0-1

[Event "AUTO-OPEN-3902"]
[Site "http://www.queenalice.com/game.php?id=1515498"]
[Date "2018.2.10"]
[Round "1"]
[White "ratorei"]
[Black "DDK"]
[Result "1-0"]
[WhiteElo "2207"]
[BlackElo "1774"]

1. Nf3 Nc6 2. g3 e5 3. d4 exd4 4. Bg2 Bc5 5. Nbd2 Nf6 6. O-O d6 7. Nb3 O-O 8.
Nfxd4 Nxd4 9. Nxd4 c6 10. b3 Qb6 11. Bb2 Bg4 12. h3 Bd7 13. e3 Rae8 14. c4 d5
15. cxd5 cxd5 16. Rc1 Ne4 17. Qh5 Nf6 18. Qh4 Be7 19. Qf4 Nh5 20. Qf3 Nf6 21.
Nf5 Bxf5 22. Qxf5 Rd8 23. Rfd1 g6 24. Qe5 1-0

[Event "AUTO-ADV-3979"]
[Site "http://www.queenalice.com/game.php?id=1515643"]
[Date "2018.2.12"]
[Round "1"]
[White "byyonico"]
[Black "DDK"]
[Result "1-0"]
[WhiteElo "1696"]
[BlackElo "1875"]

1. e4 e5 2. Nf3 d6 3. Bc4 Be7 4. d3 h6 5. O-O Nf6 6. Nc3 O-O 7. h3 a6 8. Nd5
Nxd5 9. Bxd5 c6 10. Bb3 Nd7 11. c4 Nc5 12. Bc2 Be6 13. Be3 b5 14. Qe2 bxc4 15.
dxc4 Nd7 16. Ba4 1-0

[Event "AUTO-ADV-3979"]
[Site "http://www.queenalice.com/game.php?id=1515644"]
[Date "2018.2.12"]
[Round "1"]
[White "DDK"]
[Black "byyonico"]
[Result "0-1"]
[WhiteElo "1852"]
[BlackElo "1719"]

1. e4 c5 2. Nf3 d6 3. Bc4 e6 4. O-O Nc6 5. d4 cxd4 6. Nxd4 Bd7 7. Nxc6 Bxc6 8.
Be3 Be7 9. Nc3 Nf6 10. b4 O-O 11. Bd3 Rc8 12. Bxa7 b6 13. b5 Bb7 14. Na4 Ra8 15.
Bxb6 Qc8 0-1

[Event "AUTO-ADV-3979"]
[Site "http://www.queenalice.com/game.php?id=1515657"]
[Date "2018.2.12"]
[Round "1"]
[White "equus"]
[Black "DDK"]
[Result "1-0"]
[WhiteElo "1873"]
[BlackElo "1892"]

1. d4 e6 2. c4 Nc6 3. Nf3 Nf6 4. a3 d5 5. cxd5 Qxd5 6. Nc3 Qd6 7. Nb5 Qd7 8. Bf4
Nd5 9. Bg3 Na5 10. e4 Nf6 11. Nxc7+ Kd8 12. Nxa8 Nxe4 13. Rc1 Bd6 14. Bxd6 Nxd6
15. Nc7 a6 16. Qc2 Nc6 17. Nxa6 Nxd4 18. Nxd4 bxa6 19. Nc6+ Ke8 20. Nb8 1-0

[Event "AUTO-ADV-3979"]
[Site "http://www.queenalice.com/game.php?id=1515658"]
[Date "2018.2.12"]
[Round "1"]
[White "DDK"]
[Black "equus"]
[Result "0-1"]
[WhiteElo "1910"]
[BlackElo "1855"]

1. e4 e6 2. Nf3 c5 3. d3 Nc6 4. Nc3 d5 5. exd5 exd5 6. d4 c4 7. Be2 Nf6 8. O-O
h6 9. h3 Bd6 10. b3 Bb4 11. Bd2 O-O 12. a3 Bxc3 13. Bxc3 Ne4 14. Bb4 Nxb4 15.
axb4 Nc3 16. Qd2 Ne4 17. Qf4 b5 18. bxc4 bxc4 19. Bxc4 Bb7 0-1

[Event "AUTO-ADV-3979"]
[Site "http://www.queenalice.com/game.php?id=1515667"]
[Date "2018.2.12"]
[Round "1"]
[White "DDK"]
[Black "yeye2"]
[Result "0-1"]
[WhiteElo "1822"]
[BlackElo "2009"]

1. e4 e5 2. Nf3 Nc6 3. Bc4 Qf6 4. d3 Nd4 5. Ng5 Nh6 6. c3 Ne6 7. Nxe6 dxe6 8.
Na3 Bxa3 9. bxa3 O-O 10. a4 a5 11. O-O Bd7 12. Bb3 c6 13. Ba3 b5 14. Bxf8 Kxf8
15. axb5 cxb5 16. c4 b4 17. Ba4 Bc8 0-1

[Event "AUTO-ADV-3979"]
[Site "http://www.queenalice.com/game.php?id=1515668"]
[Date "2018.2.12"]
[Round "1"]
[White "yeye2"]
[Black "DDK"]
[Result "1-0"]
[WhiteElo "2000"]
[BlackElo "1831"]

1. e4 e5 2. Nf3 d6 3. Bc4 Be7 4. O-O h6 5. c3 Nf6 6. d3 Bd7 7. Re1 O-O 8. d4
exd4 9. cxd4 b5 10. Bd3 a6 11. Qc2 Bg4 12. Nbd2 Nc6 13. Qxc6 Bd7 14. Qc3 d5 15.
e5 Nh5 16. b4 Nf4 17. Nb3 Nxd3 18. Qxd3 1-0